000 00217nam a22000857a 4500
008 160803b xxu||||| |||| 00| 0 eng d
100 _95
_aDahl R
245 _aDanny the Champion of the world
260 _aUSA
_bJonathan
_c1994
999 _c2655
_d2655